[Event "Josef Kupper Memorial 2019"]
[Site "Zurich"]
[Date "2019.08.14"]
[Round "1.9"]
[White "Szakolczai, Peter"]
[Black "Svane, Rasmus"]
[Result "0-1"]
[WhiteElo "2163"]
[BlackElo "2610"]
[Annotator "ChessBase"]
[PlyCount "86"]
[EventDate "2019.08.13"]
[EventType "swiss"]
[EventCountry "SUI"]
[SourceTitle "playchess.com"]
[Source "ChessBase"]
[SourceQuality "1"]
[TimeControl "40/5400+30:1800+30"]

1. e4 {[%emt 0:00:00]} c6 {[%emt 0:00:05]} 2. Nf3 {[%emt 0:01:07]} d5 {[%emt 0:00:08]} 3. exd5 {[%emt 0:00:21]} cxd5 {[%emt 0:00:15]} 4. Ne5 {[%emt 0:00:15]} a6 {[%emt 0:04:18]} 5. d4 {[%emt 0:01:20]} Nc6 {[%emt 0:00:08]} 6. c3 {[%emt 0:03:58]} Bf5 {[%emt 0:13:40]} 7. g4 {[%emt 0:07:18]} Be4 {[%emt 0:06:02]} 8. f3 {[%emt 0:01:00]} Bxb1 {[%emt 0:00:18]} 9. Rxb1 {[%emt 0:00:09]} Nxe5 {[%emt 0:00:50]} 10. dxe5 {[%emt 0:00:12]} e6 {[%emt 0:00:07]} 11. Be3 {[%emt 0:02:42]} Rc8 {[%emt 0:13:30]} 12. Bd3 {[%emt 0:19:11]} Bc5 {[%emt 0:02:28]} 13. Bxc5 {[%emt 0:01:23]} Rxc5 {[%emt 0:00:03]} 14. Qa4+ {[%emt 0:01:28]} Qd7 {[%emt 0:04:12]} 15. Qd4 {[%emt 0:03:50]} Rc8 {[%emt 0:09:27]} 16. O-O {[%emt 0:02:32]} h5 {[%emt 0:01:15]} 17. Rf2 {[%emt 0:04:53]} Ne7 {[%emt 0:04:47]} 18. Re1 {[%emt 0:00:37]} Nc6 {[%emt 0:07:10]} 19. Qf4 {[%emt 0:02:16]} Qe7 {[%emt 0:01:55]} 20. Rg2 {[%emt 0:04:53]} hxg4 {[%emt 0:03:33]} 21. fxg4 {[%emt 0:03:05]} Rh3 {[%emt 0:04:09]} 22. Bf1 {[%emt 0:01:57]} g5 {[%emt 0:11:19]} 23. Qf2 {[%emt 0:03:50]} Kd7 {[%emt 0:01:04]} 24. Qb6 {[%emt 0:01:16]} Rc7 {[%emt 0:03:02]} 25. Rf2 {[%emt 0:00:27]} Rh4 {[%emt 0:01:58]} 26. h3 {[%emt 0:00:14]} Kc8 {[%emt 0:00:38]} 27. b4 {[%emt 0:05:06]} d4 {[%emt 0:01:26]} 28. b5 {[%emt 0:01:28]} axb5 {[%emt 0:00:42]} 29. cxd4 {[%emt 0:01:01]} Rh8 {[%emt 0:02:09]} 30. Rc1 {[%emt 0:02:58]} Qa3 {[%emt 0:02:08]} 31. Rcc2 {[%emt 0:07:20]} Qg3+ {[%emt 0:00:40]} 32. Bg2 {[%emt 0:05:20]} Rxh3 {[%emt 0:01:00]} 33. d5 {[%emt 0:01:20]} exd5 {[%emt 0:00:17]} 34. e6 {[%emt 0:00:09]} f6 {[%emt 0:01:35]} 35. Qc5 {[%emt 0:02:13]} Rh8 {[%emt 0:00:20]} 36. Qxd5 {[%emt 0:00:22]} Qh2+ {[%emt 0:00:43]} 37. Kf1 {[%emt 0:00:02]} Rd8 {[%emt 0:00:18]} 38. e7 {[%emt 0:01:23]} Rxd5 {[%emt 0:00:38]} 39. e8=Q+ {[%emt 0:00:13]} Rd8 {[%emt 0:00:08]} 40. Qe6+ {[%emt 0:01:20]} Kb8 {[%emt 0:00:08]} 41. Bxc6 {[%emt 0:31:10]} Qh3+ {[%emt 0:30:31]} 42. Ke1 {[%emt 0:07:42]} bxc6 {[%emt 0:00:00]} 43. Qe4 {[%emt 0:00:00]} Rcd7 {[%emt 0:00:00]} 0-1

[Event "Josef Kupper Memorial 2019"]
[Site "Zurich"]
[Date "2019.08.14"]
[Round "1.10"]
[White "Bogner, Sebastian"]
[Black "Bluhm, Sonja Maria"]
[Result "1-0"]
[WhiteElo "2569"]
[BlackElo "2192"]
[Annotator "ChessBase"]
[PlyCount "73"]
[EventDate "2019.08.13"]
[EventType "swiss"]
[EventCountry "SUI"]
[SourceTitle "playchess.com"]
[Source "ChessBase"]
[SourceQuality "1"]
[TimeControl "40/5400+30:1800+30"]

1. d4 {[%emt 0:00:00]} d5 {[%emt 0:00:00]} 2. c4 {[%emt 0:00:00]} c6 {[%emt 0:00:00]} 3. Nc3 {[%emt 0:00:30]} Nf6 {[%emt 0:00:26]} 4. e3 {[%emt 0:00:06]} a6 {[%emt 0:02:28]} 5. Qc2 {[%emt 0:01:19]} e6 {[%emt 0:03:07]} 6. Nf3 {[%emt 0:02:00]} Bd6 {[%emt 0:01:53]} 7. b3 {[%emt 0:07:42]} Nbd7 {[%emt 0:01:23]} 8. Bd3 {[%emt 0:00:23]} O-O {[%emt 0:05:14]} 9. Bb2 {[%emt 0:01:43]} Qe7 {[%emt 0:00:55]} 10. O-O {[%emt 0:02:07]} e5 {[%emt 0:09:26]} 11. cxd5 {[%emt 0:03:17]} cxd5 {[%emt 0:00:48]} 12. e4 {[%emt 0:01:17]} exd4 {[%emt 0:18:55]} 13. Nxd5 {[%emt 0:01:08]} Nxd5 {[%emt 0:00:23]} 14. exd5 {[%emt 0:00:06]} Ne5 {[%emt 0:06:28]} 15. Bxh7+ {[%emt 0:20:04]} Kh8 {[%emt 0:00:05]} 16. Nxd4 {[%emt 0:13:12]} Qh4 {[%emt 0:16:04]} 17. Bf5 {[%emt 0:02:37]} Ng4 {[%emt 0:03:05]} 18. h3 {[%emt 0:02:05]} Nf6 {[%emt 0:00:32]} 19. Qd3 {[%emt 0:04:06]} Qf4 {[%emt 0:04:56]} 20. g3 {[%emt 0:01:12]} Qe5 {[%emt 0:04:36]} 21. Rad1 {[%emt 0:00:46]} Qxd5 {[%emt 0:02:54]} 22. Bxc8 {[%emt 0:01:58]} Raxc8 {[%emt 0:00:10]} 23. Nf5 {[%emt 0:00:30]} Qxd3 {[%emt 0:00:46]} 24. Rxd3 {[%emt 0:00:06]} Bc5 {[%emt 0:00:07]} 25. Rf3 {[%emt 0:15:07]} Rc6 {[%emt 0:01:26]} 26. Rc1 {[%emt 0:00:49]} Rfc8 {[%emt 0:01:57]} 27. Rc4 {[%emt 0:00:19]} Bf8 {[%emt 0:01:51]} 28. Bxf6 {[%emt 0:07:14]} Rxc4 {[%emt 0:00:46]} 29. bxc4 {[%emt 0:01:33]} gxf6 {[%emt 0:00:07]} 30. Rb3 {[%emt 0:03:49]} Rxc4 {[%emt 0:02:27]} 31. Rxb7 {[%emt 0:00:49]} Kg8 {[%emt 0:00:12]} 32. Rb8 {[%emt 0:01:29]} Rc2 {[%emt 0:01:01]} 33. h4 {[%emt 0:00:44]} Rxa2 {[%emt 0:00:33]} 34. h5 {[%emt 0:00:07]} Ra5 {[%emt 0:00:38]} 35. g4 {[%emt 0:01:03]} Rb5 {[%emt 0:00:17]} 36. Ra8 {[%emt 0:00:37]} a5 {[%emt 0:00:11]} 37. h6 {[%emt 0:00:53]} 1-0

[Event "Josef Kupper Memorial 2019"]
[Site "Zurich"]
[Date "2019.08.14"]
[Round "1.11"]
[White "Kelecevic, Nedeljko"]
[Black "Tabatabaei, M.amin"]
[Result "0-1"]
[WhiteElo "2186"]
[BlackElo "2601"]
[Annotator "ChessBase"]
[PlyCount "70"]
[EventDate "2019.08.13"]
[EventType "swiss"]
[EventCountry "SUI"]
[SourceTitle "playchess.com"]
[Source "ChessBase"]
[SourceQuality "1"]
[TimeControl "40/5400+30:1800+30"]

1. d4 {[%emt 0:00:47]} e6 {[%emt 0:00:00]} 2. c4 {[%emt 0:01:58]} b6 {[%emt 0:00:00]} 3. a3 {[%emt 0:01:06]} Ba6 {[%emt 0:02:26]} 4. e3 {[%emt 0:00:53]} d5 {[%emt 0:00:24]} 5. Nd2 {[%emt 0:02:54]} Nf6 {[%emt 0:00:12]} 6. Ngf3 {[%emt 0:00:40]} Be7 {[%emt 0:02:14]} 7. Bd3 {[%emt 0:01:36]} O-O {[%emt 0:02:20]} 8. Qe2 {[%emt 0:02:43]} c5 {[%emt 0:01:32]} 9. b3 {[%emt 0:09:03]} Nc6 {[%emt 0:02:11]} 10. Bb2 {[%emt 0:03:31]} cxd4 {[%emt 0:08:49]} 11. exd4 {[%emt 0:00:47]} Rc8 {[%emt 0:00:10]} 12. O-O {[%emt 0:01:30]} Re8 {[%emt 0:00:06]} 13. Rac1 {[%emt 0:01:59]} Bf8 {[%emt 0:00:14]} 14. Rfd1 {[%emt 0:01:31]} g6 {[%emt 0:03:05]} 15. Re1 {[%emt 0:11:51]} dxc4 {[%emt 0:13:37]} 16. bxc4 {[%emt 0:00:20]} Bg7 {[%emt 0:00:06]} 17. Nb3 {[%emt 0:07:34]} Re7 {[%emt 0:08:49]} 18. Red1 {[%emt 0:11:04]} Bb7 {[%emt 0:02:08]} 19. Ne5 {[%emt 0:12:02]} a5 {[%emt 0:02:10]} 20. Re1 {[%emt 0:10:11]} Nh5 {[%emt 0:03:41]} 21. Qe3 {[%emt 0:03:16]} Nxe5 {[%emt 0:09:29]} 22. dxe5 {[%emt 0:00:14]} Bxg2 {[%emt 0:00:12]} 23. Nd4 {[%emt 0:04:00]} Ba8 {[%emt 0:01:22]} 24. Be2 {[%emt 0:02:56]} Rd7 {[%emt 0:00:20]} 25. Bxh5 {[%emt 0:04:54]} gxh5 {[%emt 0:00:21]} 26. f3 {[%emt 0:00:20]} Qh4 {[%emt 0:01:58]} 27. Re2 {[%emt 0:00:27]} Rcd8 {[%emt 0:00:55]} 28. Rd1 {[%emt 0:00:38]} Rc7 {[%emt 0:12:59]} 29. Rg2 {[%emt 0:00:24]} Kh8 {[%emt 0:00:18]} 30. h3 {[%emt 0:02:58]} Rxc4 {[%emt 0:00:45]} 31. Kh2 {[%emt 0:00:29]} Rc5 {[%emt 0:08:14]} 32. Rxg7 {[%emt 0:00:11]} Kxg7 {[%emt 0:00:06]} 33. Nf5+ {[%emt 0:00:07]} exf5 {[%emt 0:00:05]} 34. e6+ {[%emt 0:00:07]} Kf8 {[%emt 0:00:32]} 35. Qh6+ {[%emt 0:00:57]} Ke7 0-1

[Event "Josef Kupper Memorial 2019"]
[Site "Zurich"]
[Date "2019.08.14"]
[Round "1.12"]
[White "Vaibhav, Suri"]
[Black "Hugentobler, Patrick"]
[Result "1-0"]
[WhiteElo "2591"]
[BlackElo "2149"]
[Annotator "ChessBase"]
[PlyCount "67"]
[EventDate "2019.08.13"]
[EventType "swiss"]
[EventCountry "SUI"]
[SourceTitle "playchess.com"]
[Source "ChessBase"]
[SourceQuality "1"]
[TimeControl "40/5400+30:1800+30"]

1. Nf3 {[%emt 0:00:00]} d5 {[%emt 0:00:00]} 2. c4 {[%emt 0:00:59]} e6 {[%emt 0:00:01]} 3. g3 {[%emt 0:01:01]} Nf6 {[%emt 0:00:39]} 4. Bg2 {[%emt 0:00:12]} Be7 {[%emt 0:01:54]} 5. O-O {[%emt 0:00:24]} dxc4 {[%emt 0:01:17]} 6. Qc2 {[%emt 0:11:31]} Bd7 {[%emt 0:02:28]} 7. Ne5 {[%emt 0:04:59]} Qc8 {[%emt 0:00:30]} 8. b3 {[%emt 0:13:06]} c5 {[%emt 0:04:26]} 9. bxc4 {[%emt 0:03:37]} Nc6 {[%emt 0:01:07]} 10. Nxd7 {[%emt 0:01:44]} Qxd7 {[%emt 0:02:14]} 11. Nc3 {[%emt 0:01:31]} O-O {[%emt 0:03:23]} 12. d3 {[%emt 0:00:53]} Rfd8 {[%emt 0:04:35]} 13. Rb1 {[%emt 0:00:26]} b6 {[%emt 0:01:28]} 14. Qa4 {[%emt 0:08:46]} Rac8 {[%emt 0:01:18]} 15. Bd2 {[%emt 0:06:31]} Bd6 {[%emt 0:02:51]} 16. Rfc1 {[%emt 0:03:57]} Bb8 {[%emt 0:03:04]} 17. Rb2 {[%emt 0:04:39]} Ng4 {[%emt 0:12:10]} 18. Qd1 {[%emt 0:02:14]} h5 {[%emt 0:02:37]} 19. Bh3 {[%emt 0:10:34]} Nce5 {[%emt 0:06:33]} 20. Qf1 {[%emt 0:01:38]} Qd4 {[%emt 0:08:15]} 21. Nd1 {[%emt 0:03:37]} h4 {[%emt 0:05:06]} 22. Bc3 {[%emt 0:01:57]} Qd6 {[%emt 0:00:11]} 23. f4 {[%emt 0:02:12]} hxg3 {[%emt 0:03:19]} 24. hxg3 {[%emt 0:00:14]} f5 {[%emt 0:00:23]} 25. fxe5 {[%emt 0:00:38]} Nxe5 {[%emt 0:00:15]} 26. Qf4 {[%emt 0:02:32]} Nxc4 {[%emt 0:02:34]} 27. Qxc4 {[%emt 0:05:47]} Qxg3+ {[%emt 0:00:13]} 28. Bg2 {[%emt 0:00:01]} Kf7 {[%emt 0:01:03]} 29. Kf1 {[%emt 0:00:55]} Rh8 {[%emt 0:02:26]} 30. Be1 {[%emt 0:01:28]} Qg5 {[%emt 0:00:46]} 31. e3 {[%emt 0:00:16]} Rh2 {[%emt 0:01:44]} 32. Bb7 {[%emt 0:02:27]} Rch8 {[%emt 0:02:47]} 33. Rxh2 {[%emt 0:00:42]} Rxh2 {[%emt 0:02:16]} 34. Rc2 {[%emt 0:00:13]} 1-0

[Event "Josef Kupper Memorial 2019"]
[Site "Zurich"]
[Date "2019.08.14"]
[Round "1.13"]
[White "Roesch, Mario"]
[Black "Idani, Pouya"]
[Result "0-1"]
[WhiteElo "2167"]
[BlackElo "2581"]
[Annotator "ChessBase"]
[PlyCount "72"]
[EventDate "2019.08.13"]
[EventType "swiss"]
[EventCountry "SUI"]
[SourceTitle "playchess.com"]
[Source "ChessBase"]
[SourceQuality "1"]
[TimeControl "40/5400+30:1800+30"]

1. d4 {[%emt 0:00:00]} d6 {[%emt 0:00:00]} 2. c4 {[%emt 0:00:29]} e5 {[%emt 0:00:07]} 3. Nf3 {[%emt 0:00:06]} e4 {[%emt 0:00:53]} 4. Ng5 {[%emt 0:01:06]} f5 {[%emt 0:00:05]} 5. Nh3 {[%emt 0:04:06]} Nf6 {[%emt 0:02:18]} 6. e3 {[%emt 0:02:33]} Be7 {[%emt 0:04:30]} 7. Nc3 {[%emt 0:01:44]} O-O {[%emt 0:00:17]} 8. Nf4 {[%emt 0:06:35]} c6 {[%emt 0:02:47]} 9. h4 {[%emt 0:00:19]} Na6 {[%emt 0:01:00]} 10. Rb1 {[%emt 0:08:05]} Nc7 {[%emt 0:01:17]} 11. b4 {[%emt 0:03:29]} Ne6 {[%emt 0:07:17]} 12. d5 {[%emt 0:06:33]} Nxf4 {[%emt 0:01:11]} 13. exf4 {[%emt 0:00:05]} Ng4 {[%emt 0:00:05]} 14. g3 {[%emt 0:13:11]} Bf6 {[%emt 0:00:20]} 15. Qb3 {[%emt 0:03:04]} Bd4 {[%emt 0:04:57]} 16. Nd1 {[%emt 0:00:08]} cxd5 {[%emt 0:00:09]} 17. cxd5 {[%emt 0:00:50]} Qb6 {[%emt 0:13:17]} 18. Ne3 {[%emt 0:01:00]} Bd7 {[%emt 0:00:20]} 19. Be2 {[%emt 0:10:46]} Rac8 {[%emt 0:00:53]} 20. Bd2 {[%emt 0:00:45]} Bb5 {[%emt 0:06:19]} 21. a4 {[%emt 0:04:17]} Bxe3 {[%emt 0:05:03]} 22. fxe3 {[%emt 0:05:13]} Bxe2 {[%emt 0:00:17]} 23. Kxe2 {[%emt 0:00:04]} Qc7 {[%emt 0:00:16]} 24. Rbc1 {[%emt 0:10:20]} Qf7 {[%emt 0:00:39]} 25. Rxc8 {[%emt 0:00:42]} Rxc8 {[%emt 0:00:06]} 26. Rc1 {[%emt 0:00:02]} Rxc1 {[%emt 0:09:45]} 27. Bxc1 {[%emt 0:00:06]} Nf6 {[%emt 0:00:17]} 28. Bb2 {[%emt 0:01:13]} Nxd5 {[%emt 0:01:29]} 29. Qc2 {[%emt 0:03:52]} h6 {[%emt 0:01:58]} 30. Qc8+ {[%emt 0:03:34]} Kh7 {[%emt 0:00:07]} 31. Bd4 {[%emt 0:02:33]} Nxb4 {[%emt 0:02:38]} 32. Bxa7 {[%emt 0:00:44]} Nd3 {[%emt 0:00:46]} 33. Kd2 {[%emt 0:05:17]} b5 {[%emt 0:02:41]} 34. a5 {[%emt 0:03:32]} Qa2+ {[%emt 0:00:05]} 35. Kd1 {[%emt 0:00:04]} Qb1+ {[%emt 0:00:11]} 36. Kd2 {[%emt 0:00:24]} Qe1+ {[%emt 0:00:12]} 0-1

[Event "Josef Kupper Memorial 2019"]
[Site "Zurich"]
[Date "2019.08.14"]
[Round "1.14"]
[White "Wagner, Dennis"]
[Black "Stysiak, Szymon"]
[Result "1-0"]
[WhiteElo "2579"]
[BlackElo "2162"]
[Annotator "ChessBase"]
[PlyCount "69"]
[EventDate "2019.08.13"]
[EventType "swiss"]
[EventCountry "SUI"]
[SourceTitle "playchess.com"]
[Source "ChessBase"]
[SourceQuality "1"]
[TimeControl "40/5400+30:1800+30"]

1. d4 {[%emt 0:00:00]} e6 {[%emt 0:00:05]} 2. c4 {[%emt 0:00:00]} Nf6 {[%emt 0:00:49]} 3. g3 {[%emt 0:00:00]} d5 {[%emt 0:00:34]} 4. Bg2 {[%emt 0:00:06]} Be7 {[%emt 0:01:12]} 5. Nf3 {[%emt 0:00:08]} O-O {[%emt 0:00:05]} 6. Qc2 {[%emt 0:02:12]} Nbd7 {[%emt 0:01:03]} 7. O-O {[%emt 0:00:38]} c5 {[%emt 0:03:51]} 8. Rd1 {[%emt 0:04:09]} cxd4 {[%emt 0:14:39]} 9. Nxd4 {[%emt 0:01:22]} Nb6 {[%emt 0:13:54]} 10. cxd5 {[%emt 0:08:24]} Nbxd5 {[%emt 0:04:56]} 11. e4 {[%emt 0:02:42]} Nb4 {[%emt 0:01:52]} 12. Qe2 {[%emt 0:00:38]} Qc7 {[%emt 0:08:20]} 13. a3 {[%emt 0:19:20]} e5 {[%emt 0:03:16]} 14. axb4 {[%emt 0:01:17]} exd4 {[%emt 0:00:06]} 15. Bf4 {[%emt 0:07:08]} Qb6 {[%emt 0:01:51]} 16. e5 {[%emt 0:00:04]} Ng4 {[%emt 0:12:54]} 17. h3 {[%emt 0:03:54]} Nh6 {[%emt 0:05:33]} 18. g4 {[%emt 0:14:59]} g5 {[%emt 0:00:30]} 19. Bd2 {[%emt 0:01:36]} Be6 {[%emt 0:10:55]} 20. Na3 {[%emt 0:00:08]} Rac8 {[%emt 0:00:52]} 21. Qb5 {[%emt 0:03:56]} f5 {[%emt 0:01:06]} 22. exf6 {[%emt 0:04:55]} Bxf6 {[%emt 0:00:05]} 23. Bxb7 {[%emt 0:02:03]} Rcd8 {[%emt 0:03:58]} 24. Re1 {[%emt 0:10:58]} Bb3 {[%emt 0:00:23]} 25. Qd3 {[%emt 0:02:21]} Qxb7 {[%emt 0:01:26]} 26. Qxb3+ {[%emt 0:00:02]} Kg7 {[%emt 0:01:23]} 27. Qd3 {[%emt 0:01:34]} Nf7 {[%emt 0:01:55]} 28. Nc4 {[%emt 0:00:02]} Rd7 {[%emt 0:00:19]} 29. Re6 {[%emt 0:01:24]} Qd5 {[%emt 0:02:02]} 30. Rae1 {[%emt 0:07:27]} h5 {[%emt 0:00:34]} 31. gxh5 {[%emt 0:00:15]} Nh8 {[%emt 0:02:54]} 32. R1e5 {[%emt 0:01:34]} Bxe5 {[%emt 0:01:30]} 33. Rxe5 {[%emt 0:00:02]} Qb7 {[%emt 0:00:09]} 34. Rxg5+ {[%emt 0:00:17]} Kf7 {[%emt 0:00:01]} 35. Nd6+ {[%emt 0:00:31]} 1-0

[Event "Josef Kupper Memorial 2019"]
[Site "Zurich"]
[Date "2019.08.14"]
[Round "1.15"]
[White "Akermann, Thomas"]
[Black "Epishin, Vladimir"]
[Result "0-1"]
[WhiteElo "2155"]
[BlackElo "2553"]
[Annotator "ChessBase"]
[PlyCount "76"]
[EventDate "2019.08.13"]
[EventType "swiss"]
[EventCountry "SUI"]
[SourceTitle "playchess.com"]
[Source "ChessBase"]
[SourceQuality "1"]
[TimeControl "40/5400+30:1800+30"]

1. d4 {[%emt 0:00:00]} Nf6 {[%emt 0:00:00]} 2. Nf3 {[%emt 0:00:00]} d6 {[%emt 0:00:38]} 3. c4 {[%emt 0:04:12]} g6 {[%emt 0:00:37]} 4. Nc3 {[%emt 0:01:04]} Bf5 {[%emt 0:00:10]} 5. e3 {[%emt 0:03:16]} Bg7 {[%emt 0:00:10]} 6. Bd3 {[%emt 0:01:30]} Bxd3 {[%emt 0:02:17]} 7. Qxd3 {[%emt 0:00:06]} O-O {[%emt 0:00:08]} 8. O-O {[%emt 0:00:52]} Nbd7 {[%emt 0:01:40]} 9. b3 {[%emt 0:08:30]} c5 {[%emt 0:01:21]} 10. d5 {[%emt 0:13:14]} b5 {[%emt 0:02:20]} 11. Rb1 {[%emt 0:03:57]} b4 {[%emt 0:02:57]} 12. Ne2 {[%emt 0:04:21]} a5 {[%emt 0:01:25]} 13. e4 {[%emt 0:00:58]} a4 {[%emt 0:00:39]} 14. h3 {[%emt 0:02:04]} Qc7 {[%emt 0:03:06]} 15. Bf4 {[%emt 0:08:05]} Ra6 {[%emt 0:02:15]} 16. Bh2 {[%emt 0:02:51]} Rfa8 {[%emt 0:02:43]} 17. Nd2 {[%emt 0:05:55]} axb3 {[%emt 0:01:27]} 18. axb3 {[%emt 0:00:13]} Ra2 {[%emt 0:03:06]} 19. f4 {[%emt 0:01:15]} Rxd2 {[%emt 0:02:06]} 20. Qxd2 {[%emt 0:00:15]} Nxe4 {[%emt 0:00:01]} 21. Qc2 {[%emt 0:07:11]} f5 {[%emt 0:00:27]} 22. g4 {[%emt 0:00:47]} Ndf6 {[%emt 0:00:21]} 23. Ra1 {[%emt 0:01:36]} Ra3 {[%emt 0:03:02]} 24. Rxa3 {[%emt 0:12:01]} bxa3 {[%emt 0:00:09]} 25. Ra1 {[%emt 0:00:21]} Qa5 {[%emt 0:04:55]} 26. Qc1 {[%emt 0:00:33]} fxg4 {[%emt 0:05:05]} 27. Rxa3 {[%emt 0:05:05]} Qb4 {[%emt 0:00:10]} 28. hxg4 {[%emt 0:04:34]} Nxg4 {[%emt 0:00:31]} 29. f5 {[%emt 0:01:04]} g5 {[%emt 0:02:10]} 30. Bg3 {[%emt 0:04:04]} Qb8 {[%emt 0:06:28]} 31. Qc2 {[%emt 0:02:17]} Nxg3 {[%emt 0:00:51]} 32. Nxg3 {[%emt 0:00:09]} Bd4+ {[%emt 0:00:09]} 33. Kh1 {[%emt 0:00:23]} Qf8 {[%emt 0:00:06]} 34. Nf1 {[%emt 0:03:17]} Qh6+ {[%emt 0:01:33]} 35. Kg2 {[%emt 0:00:00]} Nf2 {[%emt 0:00:21]} 36. Ng3 {[%emt 0:01:23]} Qh3+ {[%emt 0:01:14]} 37. Kf3 {[%emt 0:00:07]} g4+ {[%emt 0:00:14]} 38. Kf4 {[%emt 0:00:36]} Qh6# {[%emt 0:00:16]} 0-1

[Event "Josef Kupper Memorial 2019"]
[Site "Zurich"]
[Date "2019.08.14"]
[Round "1.16"]
[White "Puranik, Abhimanyu"]
[Black "Haas, Carmi"]
[Result "1-0"]
[WhiteElo "2550"]
[BlackElo "2146"]
[Annotator "ChessBase"]
[PlyCount "52"]
[EventDate "2019.08.13"]
[EventType "swiss"]
[EventCountry "SUI"]
[SourceTitle "playchess.com"]
[Source "ChessBase"]
[SourceQuality "1"]
[TimeControl "40/5400+30:1800+30"]

1. e4 {[%emt 0:00:00]} e5 {[%emt 0:00:00]} 2. Nf3 {[%emt 0:00:00]} Nf6 {[%emt 0:00:00]} 3. Nxe5 {[%emt 0:00:30]} d6 {[%emt 0:00:00]} 4. Nf3 {[%emt 0:00:04]} Nxe4 {[%emt 0:00:10]} 5. Nc3 {[%emt 0:00:19]} Nxc3 {[%emt 0:00:08]} 6. dxc3 {[%emt 0:00:05]} Be7 {[%emt 0:00:36]} 7. Bf4 {[%emt 0:01:25]} Nd7 {[%emt 0:00:17]} 8. Qd2 {[%emt 0:00:37]} Nc5 {[%emt 0:00:17]} 9. O-O-O {[%emt 0:00:43]} Be6 {[%emt 0:02:10]} 10. Kb1 {[%emt 0:01:40]} Qd7 {[%emt 0:00:15]} 11. Nd4 {[%emt 0:02:45]} O-O {[%emt 0:01:06]} 12. h4 {[%emt 0:02:45]} Rfe8 {[%emt 0:02:12]} 13. f3 {[%emt 0:01:03]} a6 {[%emt 0:05:48]} 14. h5 {[%emt 0:02:02]} Bf6 {[%emt 0:02:49]} 15. g4 {[%emt 0:02:50]} b5 {[%emt 0:05:57]} 16. Bh3 {[%emt 0:06:47]} Be5 {[%emt 0:00:46]} 17. Be3 {[%emt 0:03:54]} Bxd4 {[%emt 0:07:34]} 18. cxd4 {[%emt 0:04:39]} Bd5 {[%emt 0:00:13]} 19. dxc5 {[%emt 0:01:52]} Bxf3 {[%emt 0:00:21]} 20. Bg2 {[%emt 0:05:55]} Bxd1 {[%emt 0:01:00]} 21. Bxa8 {[%emt 0:03:03]} Bxg4 {[%emt 0:00:07]} 22. Bg2 {[%emt 0:01:11]} h6 {[%emt 0:01:40]} 23. cxd6 {[%emt 0:03:06]} cxd6 {[%emt 0:00:43]} 24. Qd4 {[%emt 0:06:58]} Qf5 {[%emt 0:01:38]} 25. Bc6 {[%emt 0:00:59]} Re6 {[%emt 0:01:59]} 26. Rg1 {[%emt 0:02:17]} Re8 1-0

[Event "Josef Kupper Memorial 2019"]
[Site "Zurich"]
[Date "2019.08.15"]
[Round "2.1"]
[White "Maghsoodloo, Parham"]
[Black "Chandra, Akshat"]
[Result "1/2-1/2"]
[WhiteElo "2656"]
[BlackElo "2528"]
[Annotator "TA"]
[PlyCount "87"]
[EventDate "2019.08.14"]
[EventType "swiss"]
[EventCountry "SUI"]
[SourceTitle "playchess.com"]
[Source "ChessBase"]
[SourceQuality "1"]

{[%evp 11,87,18,26,12,10,1,8,-6,15,8,20,23,27,20,9,26,42,48,52,20,0,13,35,0,0,0,0,-2,0,0,0,0,83,93,85,93,87,35,101,101,101,101,116,116,112,89,101,90,86,79,148,152,152,145,146,160,158,139,225,245,239,240,295,296,430,405,414,393,1108,1106,1095,-1020,1081,1064,1262,1216,1164,1061]} 1. e4 e5 2. Nf3 Nc6 3. Bb5 Nf6 4. d3 Bc5 5. c3 O-O 6. O-O d6 7. Ba4 {C65: Ruy Lopez: Berlin Defence (3...Nf6), unusual lines and 4 0-0 Bc5} h6 8. h3 a6 9. Bc2 {The position is equal.} b5 10. d4 Bb6 11. Be3 Rb8 $146 ({Predecessor:} 11... Re8 12. Nbd2 Qe7 13. Re1 Rb8 14. Nf1 Qf8 15. Ng3 {½-½ (43) Anand,V (2759)-So,W (2778) Leuven 2018}) 12. Nbd2 {[%cal Bb1d2,Bd2f1,Bf1e3][%mdl 32]} Re8 13. Re1 Bb7 14. a3 Nd7 15. Re2 Ne7 16. Nf1 d5 17. dxe5 dxe4 18. Rd2 Nd5 19. Bxe4 Nxe3 20. Nxe3 Bxe4 21. Rxd7 Bxf3 (21... Qc8 $11 {remains equal.}) 22. Rxd8 $16 Bxd1 23. Rxb8 ({Reject} 23. Rdxd1 $6 Bxe3 24. fxe3 Rxe5 $11) 23... Rxb8 24. Rxd1 Bxe3 (24... Re8 $1 $14) 25. fxe3 $11 {[%mdl 4096] Endgame KR-KR} Re8 {[#]} 26. Rd5 $1 Re6 27. Kf2 Kf8 28. Kf3 Ke7 29. Kf4 Rc6 30. h4 h5 {[#]} ({Black should play} 30... Rc4+ 31. Rd4 Rc6) 31. e6 $1 $16 Kxe6 32. Rxh5 Rd6 33. Re5+ Kf6 34. Rc5 c6 (34... Rd2 $16) 35. g4 $18 Ke7 36. b4 Ke6 37. h5 Kd7 (37... Ke7 {keeps fighting.} 38. Re5+ Kf8) 38. Rg5 g6 39. h6 {Hoping for h7.} Ke7 $2 (39... Rf6+ 40. Ke4 Kd6) 40. Re5+ Kf8 {[#]} 41. Re8+ $1 {[%mdl 576] Promotion} Kxe8 42. h7 {White is clearly winning.} g5+ 43. Kxg5 Rg6+ 44. Kh5 {[%mdl 32768] Accuracy: White = 75%, Black = 51%. . An unexpected result.} 1/2-1/2